MARC

LEADER 00000nam0a2200000 4500
001 72561
005 20231031083531.0
010 |a 534300895X 
035 |a (RuTPU)RU\TPU\book\77370 
090 |a 72561 
100 |a 20050127d1993 km y0rusy50 ca 
101 0 |a rus 
102 |a BY 
105 |a a z 001zy 
200 1 |a Объемная штамповка порошковых материалов  |f В. М. Горохов, Е. А. Дорошкевич, А. М. Ефимов, Е. В Звонарев 
210 |a Минск  |c Наука и техника  |d 1993 
215 |a 272 с.  |c ил. 
320 |a Литература: с. 264-270 
610 1 |a объемная штамповка 
610 1 |a порошковые материалы 
610 1 |a пористые тела 
610 1 |a деформирование 
610 1 |a технологические процессы 
610 1 |a обработка давлением 
610 1 |a свойства 
610 1 |a структура 
675 |a 621.762.4.04  |v 3 
701 1 |a Горохов  |b В. М.  |g Валерий Михайлович 
701 1 |a Дорошкевич  |b Е. А.  |g Евгений Адамович 
701 1 |a Ефимов  |b А. М.  |g Анатолий Михайлович 
701 1 |a Звонарев  |b Е. В  |g Евгений Владимирович 
702 1 |a Дорошкевич  |b Е. А.  |g Евгений Адамович  |4 340 
801 1 |a RU  |b 63413507  |c 20050127  |g PSBO 
801 2 |a RU  |b 63413507  |c 20111017  |g RCR 
942 |c BK